000 00299nam a2200097Ia 4500
082 _aMMID-PGSE-PCHR
245 0 _aSafe diving : a medical handbook for scuba divers
100 _a KAYLE, Allan Cape Town, 2009 2nd ed
_991912
942 _cBK
008 210817s9999 xx 000 0 und d
999 _c373476
_d373476